00333nam a2200109Ia 4500008004100000041000800041100002200049245007900071260003700150300000800187700002800195250110s9999 xx 000 0 und d aeng aKulkarni Priyanka aUnderstanding Opportunities And Challenges In Chalkewadi Plateau At Satara bM.Arch Environmental, Punec2014 a78p aGuide Name:Nawale Rahul